Państwa mające dostęp do Oceanu Spokojnego - Statystyki

Ogólne statystyki
  • Ten quiz został rozwiązany 31 razy
  • Średni wynik to 38 z 42
Statystyki odpowiedzi
Państwo % Poprawnych
Nowa Zelandia
100%
Chile
96%
Chiny
96%
Japonia
96%
Korea Północna
96%
Korea Południowa
96%
Malezja
96%
Meksyk
96%
Papua Nowa Gwinea
96%
Stany Zjednoczone
96%
Tajlandia
96%
Australia
93%
Ekwador
93%
Fidżi
93%
Gwatemala
93%
Indonezja
93%
Kanada
93%
Kolumbia
93%
Peru
93%
Rosja
93%
Timor Wschodni
93%
Wyspy Marshalla
93%
Wyspy Salomona
93%
Kambodża
89%
Kostaryka
89%
Nikaragua
89%
Panama
89%
Salwador
89%
Tajwan
89%
Tuvalu
89%
Brunei
86%
Honduras
86%
Palau
86%
Samoa
86%
Singapur
86%
Tonga
86%
Vanuatu
86%
Filipiny
82%
Kiribati
82%
Mikronezja
82%
Wietnam
82%
Nauru
79%
Nie znaleziono quizów pasujących do podanych kryteriów
Rozkład punktacji
Procent ludzi z każdym wynikiem
Percentyl według liczby udzielonych odpowiedzi
Twoja historia wyników
Nie rozwiązałeś tego quizu